A m. kir. Kúria jogegységi tanácsának 72. számú polgári döntvénye

Elmentve itt :
Bibliográfiai részletek
Dokumentumtípus: Cikk
Megjelent: 1935
Sorozat:Polgári jog : a hazai és külföldi magánjog és hiteljog szemléje 11
Kulcsszavak:Magánjog döntvények 1935
Online Access:http://misc.bibl.u-szeged.hu/15669
LEADER 00606nab a2200157 i 4500
001 misc15669
005 20191106142226.0
008 170607s1935 hu o 0|| hun d
040 |a SZTE Miscellanea Repozitórium  |b hun 
041 |a hun 
245 0 2 |a A m. kir. Kúria jogegységi tanácsának 72. számú polgári döntvénye  |h [elektronikus dokumentum] 
260 |c 1935 
300 |a 288-289a 
490 0 |a Polgári jog : a hazai és külföldi magánjog és hiteljog szemléje  |v 11 
695 |a Magánjog döntvények 1935 
856 4 0 |u http://misc.bibl.u-szeged.hu/15669/1/polgari_jog_1935_288-289a.pdf  |z Dokumentum-elérés